Klicken die die Menschen an die Wirklich existiert haben - Statistiken

Allgemein
  • Dieses Quiz wurde 543 mal gespielt
  • Das Durchschnittsergebnis liegt bei 5 aus 8
Answers on the Grid
Answers color-coded by a green-red scale on the quiz's grid according to % correct below.
Gaius Julius Cäsars
Asterix und Obelix
Hildegard von Bingen
Eddard Stark
Richard Löwen Herz
Karl der Große
Otto der Schlächter
Sankt Nikolaus
Weihnachtsmann
Napoleon
Vercingetorix
Till Eulenspiegel
König Athur
Merlin
Ivan der Schrekliche
 
Antwortstatistiken
Antwort % Korrekt
Gaius Julius Cäsars
93%
Karl der Große
82%
Napoleon
77%
Hildegard von Bingen
59%
Sankt Nikolaus
51%
Richard Löwen Herz
49%
Ivan der Schrekliche
44%
Vercingetorix
20%
Keine übereinstimmenden Quizze gefunden
Verteilung der Resultate
Anzahl Personen mit jedem Resultat
Perzentil nach korrekt beantworteten Fragen
Ihre Resultats-Entwicklung
Sie haben dieses Quiz noch nicht gespielt